[Event "Obro70th Jubilee open Copemhagen CH"]
[Site "Copenhagen"]
[Date "2006.10.19"]
[Round "6"]
[White "Moller, Arne"]
[Black "Hansen, Soren Moller"]
[Result "1-0"]
[WhiteElo "1918"]
[BlackElo "1903"]
[PlyCount "43"]
[EventDate "2006.10.14"]
[EventType "swiss"]
[EventRounds "9"]
[EventCountry "DEN"]

1. e4 g6 2. d4 Bg7 3. Be3 d6 4. f3 Nd7 5. c3 c6 6. Bd3 b5 7. Qd2 Nb6 8. Na3 Bb7
9. Rc1 Nf6 10. Ne2 O-O 11. Ng3 Qc7 12. O-O a5 13. Bh6 e5 14. Bxg7 Kxg7 15. f4
exd4 16. cxd4 b4 17. e5 dxe5 18. fxe5 Nfd5 19. Nb5 Qd8 20. Nd6 Ba6 21. Bxa6
Rxa6 22. Rxc6 1-0

[Event "Obro70th Jubilee open Copemhagen CH"]
[Site "Copenhagen"]
[Date "2006.10.15"]
[Round "2"]
[White "Moller, Arne"]
[Black "Rosenkilde, Alexander"]
[Result "1/2-1/2"]
[WhiteElo "1918"]
[BlackElo "2018"]
[PlyCount "73"]
[EventDate "2006.10.14"]
[EventType "swiss"]
[EventRounds "9"]
[EventCountry "DEN"]

1. e4 c5 2. Nf3 Nc6 3. d4 cxd4 4. Nxd4 Nf6 5. Nc3 e5 6. Ndb5 d6 7. Bg5 a6 8.
Na3 b5 9. Nd5 Be7 10. Bxf6 Bxf6 11. c3 O-O 12. Bd3 Bg5 13. O-O Rb8 14. Qe2 Ne7
15. Nxe7+ Qxe7 16. Nc2 Be6 17. Rad1 g6 18. Nb4 Qb7 19. Bb1 a5 20. Nd5 f5 21. a3
Kh8 22. f3 Rfc8 23. Kh1 Rc5 24. Ne3 Qd7 25. exf5 gxf5 26. Qd3 Rd8 27. Nxf5 Bc4
28. Qe4 Bxf1 29. Rxf1 Bf6 30. Nxd6 Qg7 31. Nf5 Qg6 32. Qb7 Rd2 33. Ng3 Qg7 34.
Qxg7+ Kxg7 35. Ne4 Rcd5 36. Nxd2 Rxd2 37. Be4 1/2-1/2

[Event "Obro70th Jubilee open Copemhagen CH"]
[Site "Copenhagen"]
[Date "2006.10.21"]
[Round "8"]
[White "Moller, Arne"]
[Black "Akdag, Dara Sevkan"]
[Result "0-1"]
[WhiteElo "1918"]
[BlackElo "1989"]
[PlyCount "96"]
[EventDate "2006.10.14"]
[EventType "swiss"]
[EventRounds "9"]
[EventCountry "DEN"]

1. e4 c5 2. Nf3 d6 3. d4 cxd4 4. Nxd4 Nf6 5. Nc3 a6 6. Be2 e6 7. O-O Be7 8. Be3
Qc7 9. Kh1 b5 10. a3 Bb7 11. Bd3 Nbd7 12. Rc1 O-O 13. f3 Rfd8 14. Qe1 Ne5 15.
Nce2 d5 16. Ng3 dxe4 17. Nxe4 Nxe4 18. Bxe4 Bxe4 19. fxe4 Nc4 20. Nf3 Nxb2 21.
Ng5 Bxg5 22. Bxg5 f6 23. Bh4 Nc4 24. Rf3 Rd4 25. Bf2 Rd7 26. Rd3 Rad8 27. Qe2
Nb2 28. Rxd7 Rxd7 29. Rf1 Qc3 30. Qg4 Qc4 31. Kg1 f5 32. Qh5 g6 33. Qh6 Qxe4
34. Bc5 Rf7 35. Qg5 Qd5 36. Be3 Nc4 37. Bc1 e5 38. h4 f4 39. Qg4 Rf5 40. Rd1
Qc6 41. Rd8+ Kg7 42. Qd1 Rf7 43. Qd3 Qb6+ 44. Kh2 Qf2 45. Qh3 h5 46. Ra8 Ne3
47. Bxe3 fxe3 48. Rxa6 e2 0-1

[Event "Obro70th Jubilee open Copemhagen CH"]
[Site "Copenhagen"]
[Date "2006.10.14"]
[Round "1"]
[White "Pedersen, Thomas Vils"]
[Black "Moller, Arne"]
[Result "1-0"]
[WhiteElo "2131"]
[BlackElo "1918"]
[PlyCount "101"]
[EventDate "2006.10.14"]
[EventType "swiss"]
[EventRounds "9"]
[EventCountry "DEN"]

1. d4 Nf6 2. Nf3 e6 3. g3 d5 4. c4 Bb4+ 5. Bd2 Bxd2+ 6. Qxd2 O-O 7. Bg2 Ne4 8.
Qc2 Nc6 9. O-O f5 10. Nc3 Qf6 11. cxd5 Nb4 12. Nxe4 fxe4 13. Qxe4 exd5 14. Qe5
c6 15. Qxf6 Rxf6 16. a3 Na6 17. Ne5 Nc7 18. f4 Nb5 19. Rfd1 Nd6 20. Rac1 Be6
21. Rc3 Raf8 22. e3 h6 23. g4 Nf7 24. f5 Bc8 25. Nxf7 R8xf7 26. Bxd5 cxd5 27.
Rxc8+ Kh7 28. Rdc1 Rb6 29. b4 Re7 30. Kf2 Re4 31. h3 h5 32. Rd8 hxg4 33. hxg4
Rh6 34. Rg1 Rh3 35. Rg3 Rxg3 36. Kxg3 Rxe3+ 37. Kf2 Re4 38. Rxd5 Rxg4 39. Kf3
Rg1 40. Rd7 Ra1 41. Ke4 Kh6 42. Rxb7 Rxa3 43. d5 Ra1 44. d6 Re1+ 45. Kd5 Kg5
46. Rxg7+ Kxf5 47. Rf7+ Kg6 48. Rf4 Kg5 49. Re4 Rxe4 50. Kxe4 Kf6 51. Kd5 1-0

[Event "Obro70th Jubilee open Copemhagen CH"]
[Site "Copenhagen"]
[Date "2006.10.22"]
[Round "9"]
[White "Pedersen, Thomas Vils"]
[Black "Rosenkilde, Alexander"]
[Result "1-0"]
[WhiteElo "2131"]
[BlackElo "2018"]
[PlyCount "69"]
[EventDate "2006.10.14"]
[EventType "swiss"]
[EventRounds "9"]
[EventCountry "DEN"]

1. d4 Nf6 2. Nf3 e6 3. g3 b6 4. Bg2 Bb7 5. c4 Be7 6. O-O O-O 7. d5 exd5 8. Nh4
c6 9. cxd5 Nxd5 10. Nf5 Nf6 11. e4 d5 12. Nc3 Na6 13. Bg5 h6 14. Bf4 Nc5 15.
exd5 Nxd5 16. Nxd5 cxd5 17. Qg4 Bf6 18. Nxh6+ Kh8 19. Nf5 Ne6 20. Bd6 Re8 21.
Ba3 Nc5 22. Rfd1 Rc8 23. Rac1 Rc7 24. Ne3 d4 25. Bxb7 Rxb7 26. Nf5 Re4 27. Qf3
g6 28. Bxc5 Qd5 29. Ne3 Qe6 30. Bxd4 Bxd4 31. Rxd4 Rxd4 32. Qxb7 Rd2 33. Qc8+
Qxc8 34. Rxc8+ Kg7 35. Rc2 1-0

[Event "Obro70th Jubilee open Copemhagen CH"]
[Site "Copenhagen"]
[Date "2006.10.18"]
[Round "5"]
[White "Pedersen, Thomas Vils"]
[Black "Werner, Gert"]
[Result "1-0"]
[WhiteElo "2131"]
[BlackElo "2035"]
[PlyCount "75"]
[EventDate "2006.10.14"]
[EventType "swiss"]
[EventRounds "9"]
[EventCountry "DEN"]

1. d4 Nf6 2. Nf3 g6 3. c4 Bg7 4. g3 O-O 5. Bg2 d6 6. O-O Nbd7 7. Nc3 e5 8. e4
a6 9. Rb1 b5 10. cxb5 axb5 11. b4 exd4 12. Nxd4 Bb7 13. Re1 c6 14. h3 Ne5 15.
Qc2 Nc4 16. a4 Qb6 17. Rd1 Nd7 18. a5 Qa7 19. Nb3 f5 20. exf5 Rxf5 21. Ne4 Raf8
22. Rf1 Nde5 23. Qe2 c5 24. bxc5 d5 25. Nd6 Nxd6 26. cxd6 d4 27. Bxb7 Qxb7 28.
Nxd4 b4 29. f4 Qd5 30. Nxf5 Rxf5 31. fxe5 Rxe5 32. Qf3 Re4 33. Bb2 Bh6 34. Rbe1
Qc5+ 35. Qf2 Be3 36. Rxe3 Qxe3 37. Qxe3 Rxe3 38. Rd1 1-0

[Event "Obro70th Jubilee open Copemhagen CH"]
[Site "Copenhagen"]
[Date "2006.10.16"]
[Round "3"]
[White "Pedersen, Thomas Vils"]
[Black "Hermansson, Emil"]
[Result "0-1"]
[WhiteElo "2131"]
[BlackElo "2454"]
[PlyCount "90"]
[EventDate "2006.10.14"]
[EventType "swiss"]
[EventRounds "9"]
[EventCountry "DEN"]

1. d4 Nf6 2. Nf3 d5 3. c4 e6 4. g3 dxc4 5. Bg2 Nc6 6. Qa4 Bb4+ 7. Bd2 Nd5 8.
Bxb4 Ndxb4 9. O-O Rb8 10. Nc3 a6 11. Ne5 O-O 12. Nxc6 Nxc6 13. Bxc6 bxc6 14.
Qxc4 Qd6 15. a3 Rxb2 16. Na4 Rb5 17. Nc5 e5 18. a4 Rb6 19. Rfd1 a5 20. Rac1 Rb4
21. Qc2 exd4 22. Nd3 Bf5 23. Qxc6 Qxc6 24. Rxc6 Rxa4 25. Rxc7 g6 26. Ne5 Rc8
27. Rxc8+ Bxc8 28. Nc6 Ba6 29. Nxd4 Ra2 30. f4 a4 31. Kf2 a3 32. Ke3 Rb2 33.
Ra1 a2 34. f5 Kg7 35. fxg6 hxg6 36. h4 Bc4 37. Kf3 Rb1 38. Nc2 Bb3 39. e3 Bxc2
40. Rxa2 Bd3 41. Ra3 Bc4 42. Ra4 Bb5 43. Rd4 Bc6+ 44. Kg4 Rf1 45. e4 Bxe4 0-1

[Event "Obro70th Jubilee open Copemhagen CH"]
[Site "Copenhagen"]
[Date "2006.10.17"]
[Round "4"]
[White "Petersen, Martin Reib"]
[Black "Rosenkilde, Alexander"]
[Result "0-1"]
[WhiteElo "1948"]
[BlackElo "2018"]
[PlyCount "94"]
[EventDate "2006.10.14"]
[EventType "swiss"]
[EventRounds "9"]
[EventCountry "DEN"]

1. Nf3 c5 2. g3 Nc6 3. d4 cxd4 4. Nxd4 g6 5. Bg2 Bg7 6. Nxc6 bxc6 7. O-O Nf6 8.
c4 O-O 9. Qc2 Qc7 10. Nc3 Rb8 11. b3 d5 12. Bb2 Bf5 13. Qd2 dxc4 14. e4 Be6 15.
f4 Rfd8 16. Qe2 cxb3 17. f5 Bc8 18. axb3 Rxb3 19. fxg6 hxg6 20. Na4 Rbd3 21. e5
Ng4 22. e6 Bxe6 23. Bxg7 Kxg7 24. Qb2+ Qe5 25. Qxe5+ Nxe5 26. Nc5 R3d6 27. Nb7
R8d7 28. Nxd6 exd6 29. Rfc1 c5 30. Ra5 Nc4 31. Ra6 Nb6 32. Rca1 Nc8 33. Rb1 d5
34. Rc6 Nb6 35. Rxc5 d4 36. Bf3 d3 37. Kf2 Nc4 38. Bd1 a5 39. Bb3 Nd2 40. Bxe6
fxe6 41. Rcc1 Nxb1 42. Rxb1 d2 43. Rd1 a4 44. Ke2 a3 45. Ke3 a2 46. Ke2 Kf6 47.
h3 Kg5 0-1

[Event "Obro70th Jubilee open Copemhagen CH"]
[Site "Copenhagen"]
[Date "2006.10.18"]
[Round "5"]
[White "Petersen, Martin Reib"]
[Black "Moller, Arne"]
[Result "1/2-1/2"]
[WhiteElo "1948"]
[BlackElo "1918"]
[PlyCount "62"]
[EventDate "2006.10.14"]
[EventType "swiss"]
[EventRounds "9"]
[EventCountry "DEN"]

1. Nf3 Nf6 2. g3 d5 3. Bg2 g6 4. b4 Bg7 5. Bb2 O-O 6. c4 dxc4 7. Ne5 Ng4 8. d4
Bxe5 9. h3 Ne3 10. fxe3 Bxg3+ 11. Kd2 Qd6 12. Nc3 f5 13. Bd5+ e6 14. Bxc4 Qxb4
15. Qb3 Qxb3 16. axb3 c6 17. e4 b5 18. Bd3 Na6 19. exf5 exf5 20. d5 Nc5 21. Bc2
b4 22. Na2 Bb7 23. Rhg1 Bh4 24. Raf1 Ne4+ 25. Bxe4 fxe4 26. dxc6 Bxc6 27. Nxb4
Rad8+ 28. Kc2 Bb5 29. Ra1 Rd7 30. Rg4 Rc8+ 31. Kb1 Rd1+ 1/2-1/2

[Event "Obro70th Jubilee open Copemhagen CH"]
[Site "Copenhagen"]
[Date "2006.10.15"]
[Round "2"]
[White "Petersen, Martin Reib"]
[Black "Hansen, Lars Henrik Bech"]
[Result "1/2-1/2"]
[WhiteElo "1948"]
[BlackElo "2092"]
[PlyCount "30"]
[EventDate "2006.10.14"]
[EventType "swiss"]
[EventRounds "9"]
[EventCountry "DEN"]

1. Nf3 Nf6 2. g3 g6 3. Bg2 Bg7 4. O-O O-O 5. d4 d6 6. c4 c6 7. Nc3 Qa5 8. e4
Qh5 9. Nh4 Bg4 10. Bf3 Bxf3 11. Qxf3 Qxf3 12. Nxf3 Nbd7 13. h3 e5 14. dxe5 dxe5
15. Be3 Rfe8 1/2-1/2

[Event "Obro70th Jubilee open Copemhagen CH"]
[Site "Copenhagen"]
[Date "2006.10.20"]
[Round "7"]
[White "Petersen, Nils"]
[Black "Ertbjerg, Andreas Lund"]
[Result "1-0"]
[WhiteElo "2013"]
[BlackElo "1997"]
[PlyCount "61"]
[EventDate "2006.10.14"]
[EventType "swiss"]
[EventRounds "9"]
[EventCountry "DEN"]

1. c4 g6 2. Nc3 Bg7 3. e4 c5 4. Nf3 Nc6 5. Be2 e6 6. O-O Nge7 7. Nb5 d6 8. d4
a6 9. d5 axb5 10. dxc6 bxc4 11. cxb7 Bxb7 12. e5 Bxf3 13. Bxf3 d5 14. Bf4 O-O
15. Qd2 Nc6 16. Rfe1 Nb4 17. b3 Nd3 18. bxc4 Nxe1 19. Rxe1 Ra4 20. cxd5 exd5
21. Bg5 Qa5 22. Qxa5 Rxa5 23. Bxd5 Rc8 24. e6 Kf8 25. exf7 Ra7 26. Bf4 Rxf7 27.
Bd6+ Kg8 28. Re7 Rcf8 29. Rc7 Rd8 30. Bxf7+ Kh8 31. Bc4 1-0

[Event "Obro70th Jubilee open Copemhagen CH"]
[Site "Copenhagen"]
[Date "2006.10.16"]
[Round "3"]
[White "Petersen, Nils"]
[Black "Moller, Arne"]
[Result "1-0"]
[WhiteElo "2013"]
[BlackElo "1918"]
[PlyCount "85"]
[EventDate "2006.10.14"]
[EventType "swiss"]
[EventRounds "9"]
[EventCountry "DEN"]

1. c4 Nf6 2. Nc3 e6 3. e4 Nc6 4. d4 d6 5. Nf3 Be7 6. Be2 O-O 7. O-O Nd7 8. d5
exd5 9. cxd5 Nce5 10. Nxe5 dxe5 11. Be3 a6 12. Qd2 Bd6 13. a3 Qe7 14. b4 b5 15.
Rac1 Bb7 16. Rfd1 Rfd8 17. Na2 Rac8 18. Bg4 Ra8 19. Rc2 Nf8 20. Nc1 Ng6 21. g3
Bc8 22. Bxc8 Rdxc8 23. Nb3 Qd7 24. f3 Ne7 25. Na5 f5 26. Rdc1 fxe4 27. fxe4 Qg4
28. Qg2 Rf8 29. h3 Qf3 30. Rc3 Qh5 31. Bc5 Qh6 32. Be3 Qh5 33. Nb7 Rac8 34. Nc5
Rf7 35. Nxa6 Rcf8 36. Nxc7 Rc8 37. Nxb5 Rxc3 38. Nxc3 Rf3 39. g4 Qf7 40. Rf1
Rxf1+ 41. Qxf1 Qg6 42. Bc5 Nc8 43. Qf5 1-0

[Event "Obro70th Jubilee open Copemhagen CH"]
[Site "Copenhagen"]
[Date "2006.10.18"]
[Round "5"]
[White "Petersen, Nils"]
[Black "Skovgaard, Tom"]
[Result "1/2-1/2"]
[WhiteElo "2013"]
[BlackElo "1992"]
[PlyCount "47"]
[EventDate "2006.10.14"]
[EventType "swiss"]
[EventRounds "9"]
[EventCountry "DEN"]

1. c4 e5 2. Nc3 Nf6 3. e3 c6 4. d4 exd4 5. Qxd4 Na6 6. Nf3 Bc5 7. Qe5+ Be7 8.
Be2 d6 9. Qd4 Nb4 10. Bd1 Bg4 11. Qd2 Bf5 12. e4 Bg6 13. O-O a5 14. Re1 O-O 15.
a3 Na6 16. Bc2 Re8 17. e5 dxe5 18. Bxg6 hxg6 19. Qxd8 Raxd8 20. Rxe5 Bd6 21.
Rxe8+ Rxe8 22. Be3 Ne4 23. Nxe4 Rxe4 24. Re1 1/2-1/2

[Event "Obro70th Jubilee open Copemhagen CH"]
[Site "Copenhagen"]
[Date "2006.10.21"]
[Round "8"]
[White "Petersen, Nils"]
[Black "Aagaard, Kasper"]
[Result "1-0"]
[WhiteElo "2013"]
[BlackElo "1947"]
[PlyCount "69"]
[EventDate "2006.10.14"]
[EventType "swiss"]
[EventRounds "9"]
[EventCountry "DEN"]

1. c4 e5 2. Nc3 f5 3. d4 exd4 4. Qxd4 Nc6 5. Qd1 Nf6 6. g3 Be7 7. Bg2 O-O 8.
Nh3 Bb4 9. O-O Bxc3 10. bxc3 b6 11. Nf4 Bb7 12. Nd5 Nxd5 13. cxd5 Ne5 14. Qd4
d6 15. f4 Nd7 16. e4 fxe4 17. Bxe4 Qf6 18. Be3 Qf7 19. c4 Nc5 20. Bg2 Bc8 21.
Qd2 Bf5 22. Bxc5 dxc5 23. Rae1 Rae8 24. Re5 Rxe5 25. fxe5 Qg6 26. Qf4 Qf7 27.
e6 Qe7 28. Qe3 Bg6 29. Re1 a6 30. Bf1 Qf6 31. e7 Re8 32. Bh3 Rb8 33. Rf1 Qd6
34. Qe6+ Kh8 35. Qxd6 1-0

[Event "Obro70th Jubilee open Copemhagen CH"]
[Site "Copenhagen"]
[Date "2006.10.14"]
[Round "1"]
[White "Petersen, Nils"]
[Black "Mikkelsen, Nikolaj"]
[Result "0-1"]
[WhiteElo "2013"]
[BlackElo "2260"]
[PlyCount "68"]
[EventDate "2006.10.14"]
[EventType "swiss"]
[EventRounds "9"]
[EventCountry "DEN"]

1. c4 b6 2. e4 e6 3. d4 Bb7 4. d5 Nf6 5. Nc3 Bb4 6. Bd3 Qe7 7. Nge2 exd5 8.
exd5 c6 9. dxc6 dxc6 10. O-O O-O 11. Qc2 Nbd7 12. Bg5 h6 13. Bh4 Rad8 14. Ne4
g5 15. Nxf6+ Qxf6 16. Bg3 Rfe8 17. a3 Bf8 18. Rad1 c5 19. f3 Ne5 20. Be4 Bxe4
21. fxe4 Rxd1 22. Rxd1 Ng4 23. e5 Nxe5 24. h3 Qe6 25. Bxe5 Qxe5 26. Rd2 Qe3+
27. Kf1 Bg7 28. Rd3 Qe4 29. b4 Qf5+ 30. Kg1 Bd4+ 31. Nxd4 Re1+ 32. Kh2 cxd4 33.
Rd2 Qf4+ 34. g3 Qf1 0-1

[Event "Obro70th Jubilee open Copemhagen CH"]
[Site "Copenhagen"]
[Date "2006.10.18"]
[Round "5"]
[White "Rasmussen, Allan Stig"]
[Black "Hansen, Alexei"]
[Result "1-0"]
[WhiteElo "2394"]
[BlackElo "2136"]
[PlyCount "77"]
[EventDate "2006.10.14"]
[EventType "swiss"]
[EventRounds "9"]
[EventCountry "DEN"]

1. e4 c5 2. d3 Nc6 3. f4 d5 4. Be2 dxe4 5. dxe4 Qxd1+ 6. Bxd1 b6 7. c3 Bb7 8.
Nf3 Nf6 9. Bc2 g6 10. Nbd2 Bg7 11. e5 Nd5 12. Ne4 O-O 13. Bd2 Na5 14. b3 Bh6
15. g3 f5 16. exf6 Nxf6 17. Nxf6+ exf6 18. Kf2 Rad8 19. Rad1 Kh8 20. h4 Rd6 21.
Bc1 Rxd1 22. Rxd1 Bxf3 23. Kxf3 f5 24. Rd7 Bg7 25. Bd2 Ra8 26. h5 Nc6 27. hxg6
hxg6 28. g4 fxg4+ 29. Kxg4 Re8 30. Bxg6 Re2 31. Kf3 Rh2 32. Be4 Nd4+ 33. cxd4
Bxd4 34. Be1 Rxa2 35. f5 Ra3 36. Bd5 a5 37. Bh4 a4 38. f6 Bxf6 39. Bxf6# 1-0

[Event "Obro70th Jubilee open Copemhagen CH"]
[Site "Copenhagen"]
[Date "2006.10.14"]
[Round "1"]
[White "Rasmussen, Allan Stig"]
[Black "Werner, Gert"]
[Result "1-0"]
[WhiteElo "2394"]
[BlackElo "2035"]
[PlyCount "59"]
[EventDate "2006.10.14"]
[EventType "swiss"]
[EventRounds "9"]
[EventCountry "DEN"]

1. e4 g6 2. d4 Bg7 3. Nc3 c6 4. f4 d5 5. e5 h5 6. Be3 Nh6 7. Nf3 Bf5 8. Be2 Nd7
9. h3 Nf8 10. Qd2 Ne6 11. O-O Qd7 12. b4 O-O 13. Nh2 Nc7 14. Nd1 a5 15. bxa5
Ra7 16. Nf2 Rfa8 17. g4 hxg4 18. hxg4 Be4 19. Nxe4 dxe4 20. f5 Nxf5 21. gxf5
gxf5 22. Kh1 Kh7 23. Rf4 Rxa5 24. Rg1 Ne8 25. Rh4+ Kg8 26. Bh6 Qe6 27. Bxg7
Nxg7 28. Bc4 Rd5 29. Rh6 Qxe5 30. Rh8+ 1-0

[Event "Obro70th Jubilee open Copemhagen CH"]
[Site "Copenhagen"]
[Date "2006.10.22"]
[Round "9"]
[White "Rasmussen, Allan Stig"]
[Black "Mikkelsen, Nikolaj"]
[Result "1-0"]
[WhiteElo "2394"]
[BlackElo "2260"]
[PlyCount "53"]
[EventDate "2006.10.14"]
[EventType "swiss"]
[EventRounds "9"]
[EventCountry "DEN"]

1. e4 c5 2. d3 Nc6 3. f4 g6 4. c3 Bg7 5. Be3 d6 6. Nd2 e5 7. Ngf3 Nge7 8. fxe5
Nxe5 9. Nxe5 Bxe5 10. Nc4 Bg7 11. Bf4 d5 12. Nd6+ Kf8 13. Be2 h5 14. Qb3 b6 15.
exd5 g5 16. Nxc8 gxf4 17. Nxe7 Qxe7 18. Kd1 Re8 19. Bf3 b5 20. Qxb5 Rh6 21. Kc2
Qe3 22. Rae1 Qf2+ 23. Kd1 Rc8 24. Qd7 Rb8 25. Qe7+ Kg8 26. Re2 Bf6 27. Qc7 1-0

[Event "Obro70th Jubilee open Copemhagen CH"]
[Site "Copenhagen"]
[Date "2006.10.16"]
[Round "3"]
[White "Rasmussen, Allan Stig"]
[Black "Christensen, Christian"]
[Result "1-0"]
[WhiteElo "2394"]
[BlackElo "2088"]
[PlyCount "81"]
[EventDate "2006.10.14"]
[EventType "swiss"]
[EventRounds "9"]
[EventCountry "DEN"]

1. e4 c5 2. d3 g6 3. f4 Bg7 4. c3 Nc6 5. Be3 d6 6. Nd2 e6 7. Be2 Nge7 8. Ngf3
Rb8 9. a3 O-O 10. O-O b5 11. Qe1 Qd7 12. h3 Ba6 13. Qh4 c4 14. d4 f5 15. Rae1
fxe4 16. Nxe4 Nf5 17. Qf2 Nxe3 18. Qxe3 Rbe8 19. Qd2 Ne7 20. Bd1 Bb7 21. Bc2
Bd5 22. Re2 a6 23. Neg5 Rf6 24. Nh2 Nf5 25. Qe1 Rff8 26. Nhf3 Rf6 27. Qf2 Kh8
28. Nh2 Rff8 29. Rfe1 e5 30. dxe5 dxe5 31. fxe5 Bh6 32. e6 Qg7 33. Nf7+ Rxf7
34. exf7 Rxe2 35. Rxe2 Qxf7 36. Ng4 Bg7 37. Qb6 h5 38. Ne5 Bxe5 39. Rxe5 Ng3
40. Qd8+ Kg7 41. Re7 1-0

[Event "Obro70th Jubilee open Copemhagen CH"]
[Site "Copenhagen"]
[Date "2006.10.21"]
[Round "8"]
[White "Rasmussen, Allan Stig"]
[Black "Madsen, Poul Henrik"]
[Result "1-0"]
[WhiteElo "2394"]
[BlackElo "2116"]
[PlyCount "65"]
[EventDate "2006.10.14"]
[EventType "swiss"]
[EventRounds "9"]
[EventCountry "DEN"]

1. e4 d5 2. exd5 Qxd5 3. Nc3 Qe5+ 4. Nge2 Nf6 5. d4 Qa5 6. g3 c6 7. Bg2 Bf5 8.
Bd2 e6 9. d5 Qb6 10. dxe6 fxe6 11. O-O Nbd7 12. Be3 Bc5 13. Na4 Qa5 14. Nxc5
Nxc5 15. Nd4 Rd8 16. Qe1 Qxe1 17. Rfxe1 Be4 18. f3 e5 19. Ne2 Na4 20. b3 Bxc2
21. bxa4 Nd5 22. Bxa7 Ra8 23. Bd4 O-O 24. Bxe5 Rxa4 25. Nc3 Ra5 26. Nxd5 cxd5
27. f4 Rfa8 28. Rac1 Bd3 29. Rc7 g5 30. Bc3 Rb5 31. a4 Rb1 32. Bxd5+ Kf8 33.
Bg7# 1-0

[Event "Obro70th Jubilee open Copemhagen CH"]
[Site "Copenhagen"]
[Date "2006.10.14"]
[Round "1"]
[White "Roder, Peter"]
[Black "Antoniewski, Rafal"]
[Result "0-1"]
[WhiteElo "2110"]
[BlackElo "2509"]
[PlyCount "80"]
[EventDate "2006.10.14"]
[EventType "swiss"]
[EventRounds "9"]
[EventCountry "DEN"]

1. d4 Nf6 2. c4 c5 3. d5 e6 4. Nc3 exd5 5. cxd5 Bd6 6. Nf3 O-O 7. Bg5 Re8 8. e3
h6 9. Bh4 Qe7 10. Bd3 Bc7 11. O-O d6 12. Qc2 Nbd7 13. Bh7+ Kh8 14. Bf5 Nf8 15.
Rad1 a6 16. Bxc8 Raxc8 17. Qf5 Qd7 18. Qxd7 N8xd7 19. Bxf6 Nxf6 20. a4 Ba5 21.
Ne2 Nd7 22. Ng3 g6 23. Ra1 Kg7 24. Rfc1 f5 25. h4 Kf6 26. b3 g5 27. hxg5+ hxg5
28. Rc2 Nb6 29. Rd1 Re7 30. Nd2 Bxd2 31. Rcxd2 f4 32. exf4 gxf4 33. Ne2 Kf5 34.
Nc3 Nd7 35. Nb1 f3 36. gxf3 Ne5 37. Re2 Nxf3+ 38. Kf1 Rg7 39. Re3 Nd4 40. Rd2
Rh8 0-1

[Event "Obro70th Jubilee open Copemhagen CH"]
[Site "Copenhagen"]
[Date "2006.10.20"]
[Round "7"]
[White "Roder, Peter"]
[Black "Christensen, Christian"]
[Result "1-0"]
[WhiteElo "2110"]
[BlackElo "2088"]
[PlyCount "93"]
[EventDate "2006.10.14"]
[EventType "swiss"]
[EventRounds "9"]
[EventCountry "DEN"]

1. d4 Nf6 2. c4 g6 3. Nc3 Bg7 4. e4 d6 5. Be2 O-O 6. Bg5 c5 7. d5 e6 8. Qd2
exd5 9. cxd5 a6 10. a4 Nbd7 11. h4 c4 12. Bxc4 Qc7 13. Bd3 Nc5 14. Qc2 Re8 15.
f3 Nxd3+ 16. Qxd3 Nd7 17. Nge2 f5 18. O-O Ne5 19. Qd1 fxe4 20. Nxe4 Nc4 21. b3
Qb6+ 22. Kh1 Ne3 23. Bxe3 Qxe3 24. Rc1 Rxe4 25. fxe4 Bg4 26. Rc2 Qxe4 27. Rc4
Qxe2 28. Rxg4 Qe5 29. Qf3 Rf8 30. Rf4 Rxf4 31. Qxf4 Qxd5 32. Qc4 Qxc4 33. bxc4
b6 34. g3 Be5 35. Kg2 Bd4 36. Rf3 h5 37. Kf1 Kg7 38. Ke2 a5 39. Kd3 Bc5 40. Ke4
Kg8 41. Kd5 Kg7 42. Kc6 g5 43. Rf5 gxh4 44. gxh4 Kg6 45. Rg5+ Kh6 46. Rxc5 bxc5
47. Kxd6 1-0

[Event "Obro70th Jubilee open Copemhagen CH"]
[Site "Copenhagen"]
[Date "2006.10.18"]
[Round "5"]
[White "Roder, Peter"]
[Black "Akdag, Dara Sevkan"]
[Result "1/2-1/2"]
[WhiteElo "2110"]
[BlackElo "1989"]
[PlyCount "33"]
[EventDate "2006.10.14"]
[EventType "swiss"]
[EventRounds "9"]
[EventCountry "DEN"]

1. d4 e6 2. c4 b6 3. e4 Bb7 4. Nc3 Bb4 5. f3 f5 6. e5 Nc6 7. a3 Bxc3+ 8. bxc3
Qh4+ 9. g3 Qh5 10. Bd3 Nge7 11. Qe2 g5 12. h4 g4 13. Rh2 Rg8 14. f4 Na5 15. Rb1
Kf7 16. a4 Rgc8 17. Ba3 1/2-1/2

[Event "Obro70th Jubilee open Copemhagen CH"]
[Site "Copenhagen"]
[Date "2006.10.16"]
[Round "3"]
[White "Roder, Peter"]
[Black "Schmidt, Horst Hubert"]
[Result "1-0"]
[WhiteElo "2110"]
[BlackElo "1996"]
[PlyCount "103"]
[EventDate "2006.10.14"]
[EventType "swiss"]
[EventRounds "9"]
[EventCountry "DEN"]

1. d4 d5 2. c4 c6 3. Nc3 Nf6 4. e3 Bg4 5. f3 Bf5 6. Bd3 Bxd3 7. Qxd3 e6 8. Nge2
Bd6 9. Bd2 Nbd7 10. f4 dxc4 11. Qxc4 Nb6 12. Qb3 Rc8 13. e4 Be7 14. Rd1 O-O 15.
h3 Rc7 16. Be3 Rd7 17. O-O Qc8 18. f5 Rdd8 19. fxe6 Qxe6 20. Qxe6 fxe6 21. Nf4
Nc4 22. Bc1 e5 23. Ne6 exd4 24. Nxd8 dxc3 25. b3 c2 26. Rde1 Ne5 27. Ne6 Re8
28. Re2 Bb4 29. Ng5 Bc5+ 30. Kh2 h6 31. Nf3 Nd3 32. e5 Nd5 33. Rxc2 Be3 34. Bd2
g5 35. Rb1 Bb6 36. Rc4 Bc7 37. Re4 Nf2 38. Re2 g4 39. hxg4 Nxg4+ 40. Kg3 h5 41.
Rbe1 Ne7 42. Kh4 Bb6 43. Kxh5 Nf2 44. Rf1 Nd3 45. Ng5 Bc7 46. Nf7 Nd5 47. Re4
Nxe5 48. Nxe5 Bxe5 49. Rf5 Re7 50. Rexe5 Nf6+ 51. Kg6 Nd5 52. Bh6 1-0

[Event "Obro70th Jubilee open Copemhagen CH"]
[Site "Copenhagen"]
[Date "2006.10.14"]
[Round "1"]
[White "Rosenkilde, Alexander"]
[Black "Vajda, Szidonia"]
[Result "0-1"]
[WhiteElo "2018"]
[BlackElo "2401"]
[PlyCount "50"]
[EventDate "2006.10.14"]
[EventType "swiss"]
[EventRounds "9"]
[EventCountry "DEN"]

1. d4 d5 2. c4 e6 3. Nc3 c5 4. e3 Nf6 5. Nf3 Nc6 6. a3 cxd4 7. exd4 Be7 8. cxd5
Nxd5 9. Bd3 O-O 10. O-O Bf6 11. Bc2 Nxc3 12. bxc3 b6 13. Qd3 g6 14. Bf4 Bb7 15.
Rfe1 Rc8 16. Rad1 Na5 17. Ne5 Qd5 18. Qh3 Rxc3 19. Ng4 Bg7 20. Ne3 Qd8 21. Be5
Bxe5 22. dxe5 Qg5 23. f4 Qxf4 24. g3 Rxe3 25. Rf1 Qxe5 0-1

[Event "Obro70th Jubilee open Copemhagen CH"]
[Site "Copenhagen"]
[Date "2006.10.19"]
[Round "6"]
[White "Rosenkilde, Alexander"]
[Black "Hvenekilde, Jorgen"]
[Result "1/2-1/2"]
[WhiteElo "2018"]
[BlackElo "2187"]
[PlyCount "36"]
[EventDate "2006.10.14"]
[EventType "swiss"]
[EventRounds "9"]
[EventCountry "DEN"]

1. d4 d5 2. c4 e5 3. dxe5 d4 4. Nf3 Nc6 5. g3 Bg4 6. Nbd2 Qd7 7. Bg2 Nge7 8.
O-O Ng6 9. Qa4 Be7 10. Re1 O-O 11. Nb3 Rad8 12. Qb5 a6 13. Qxb7 Rb8 14. Qxa6
Rb6 15. Qa4 Rb4 16. Qa6 Rb6 17. Qa4 Rb4 18. Qa6 Rb6 1/2-1/2